000 00722nam a22002177a 4500
005 20150604171833.0
008 140714b xxu||||| |||| 00| 0 Urdu d
010 _aUR-9005
020 _c250.00.
035 _aU-7560
037 _bBPPD/Pub/Ven
040 _aDPL
_bUrdu
082 _a841
100 _aعلا ا لد ين حيد ر و ا رثی
245 _aسمند ر کی آ نکھ
_cعلا ا لد ين حيد ر و ا رثی
246 h _aSamunder ki Aankh
_bby Haider Warsi
260 _bShahid Publications
_c2012
_aNew Delhi
270 _aGali Resham Wali,Kucha Chelan Darya Ganj
_bNew Delhi
_k07277803486
_e110002
300 _a144-ص
_c22Cm (Hb)
942 _2ddc
_cUR
_e
_h841
_mع ل ا
999 _c94096
_d94096